000 00839nmm a2200265 a 4500
001 ocm0001864665
003 TR-IsHL
005 20201028172152.0
008 180412s2013 tu tur
007 cr cn
020 _a9786051510378
035 _a1864665
_b(N$T)
050 0 4 _aPL248.A85
_bS26 2013
090 0 4 _aPL248.A85
_bS26 2013
100 1 _aAsımgil, Sevim
245 1 0 _aSana hiç elveda demedim ki
_h[electronic resource] /
_cSevim Asımgil
260 _aİstanbul :
_bHayat Yayıncılık,
_c2013
300 _a329 p.
650 4 _aDil ve Edebiyat
650 4 _aLanguage and Literature
650 0 _aTürk romanı
650 0 _aTurkish fiction
650 7 _aLITERARY COLLECTIONS / Middle Eastern
_2bisacsh
856 4 0 _uhttp://search.ebscohost.com/login.aspx?direct=true&scope=site&db=e011xww&AN=1864665
999 _c17067
_d17067